[Event "Portugal Open Semirrapidas"]
[Site "Lisboa POR"]
[Date "2020.02.02"]
[Round "8.21"]
[White "HULSHOF, Peter"]
[Black "RIBEIRO, Bruno"]
[Result "1/2-1/2"]
[BlackElo "2056"]
[WhiteElo "2190"]
[LiveChessVersion "1.4.8"]

1. e4 {[%clk 0:15:07]} e6 {[%clk 0:15:07]} 2. Qe2 {[%clk 0:15:10]} c5
{[%clk 0:15:05]} 3. g3 {[%clk 0:15:13]} Nc6 {[%clk 0:14:49]} 4. Bg2
{[%clk 0:15:16]} d6 {[%clk 0:14:32]} 5. d3 {[%clk 0:15:17]} Nf6 {[%clk 0:14:33]}
6. f4 {[%clk 0:15:15]} Be7 {[%clk 0:14:27]} 7. c3 {[%clk 0:15:17]} Qc7
{[%clk 0:14:21]} 8. Nf3 {[%clk 0:15:19]} O-O {[%clk 0:14:07]} 9. Na3
{[%clk 0:15:21]} a6 {[%clk 0:14:06]} 10. Nc2 {[%clk 0:15:23]} b5 {[%clk 0:14:03]}
11. O-O {[%clk 0:15:23]} Bb7 {[%clk 0:13:18]} 12. h3 {[%clk 0:15:25]} Rae8
{[%clk 0:12:16]} 13. Bd2 {[%clk 0:15:07]} d5 {[%clk 0:12:11]} 14. e5
{[%clk 0:15:05]} Nd7 {[%clk 0:12:06]} 15. d4 {[%clk 0:14:25]} f6 {[%clk 0:11:41]}
16. exf6 {[%clk 0:13:43]} Bxf6 {[%clk 0:11:39]} 17. Ne5 {[%clk 0:13:42]} cxd4
{[%clk 0:10:59]} 18. cxd4 {[%clk 0:10:48]} Ncxe5 {[%clk 0:10:38]} 19. dxe5
{[%clk 0:10:51]} Qxc2 {[%clk 0:08:26]} 20. exf6 {[%clk 0:10:11]} Nxf6
{[%clk 0:08:27]} 21. Rac1 {[%clk 0:10:14]} Qg6 {[%clk 0:08:02]} 22. Rc7
{[%clk 0:10:08]} Rf7 {[%clk 0:07:07]} 23. Rxf7 {[%clk 0:10:09]} Qxf7
{[%clk 0:06:52]} 24. Bc3 Qg6 25. g4 Qf7 1/2-1/2

[Event "Portugal Open Semirrapidas"]
[Site "Lisboa POR"]
[Date "2020.02.02"]
[Round "8.22"]
[White "GUIA, Artur"]
[Black "CHKHAIDZE, Nikoloz"]
[Result "1/2-1/2"]
[BlackElo "2178"]
[WhiteElo "1861"]
[LiveChessVersion "1.4.8"]

1. d4 {[%clk 0:15:08]} Nf6 {[%clk 0:15:06]} 2. Bg5 {[%clk 0:15:11]} e6
{[%clk 0:15:10]} 3. e4 {[%clk 0:15:12]} h6 {[%clk 0:15:14]} 4. Bxf6
{[%clk 0:15:15]} Qxf6 {[%clk 0:15:18]} 5. Nf3 {[%clk 0:15:16]} c5
{[%clk 0:14:58]} 6. Nc3 {[%clk 0:15:09]} cxd4 {[%clk 0:14:47]} 7. Qxd4
{[%clk 0:15:11]} Qxd4 {[%clk 0:14:44]} 8. Nxd4 {[%clk 0:15:14]} a6
{[%clk 0:14:27]} 9. O-O-O {[%clk 0:15:13]} Nc6 {[%clk 0:14:28]} 10. Nxc6
{[%clk 0:15:14]} dxc6 {[%clk 0:14:19]} 11. e5 {[%clk 0:15:01]} Be7
{[%clk 0:14:18]} 12. Ne4 {[%clk 0:14:46]} O-O {[%clk 0:14:21]} 13. g3
{[%clk 0:14:44]} b6 {[%clk 0:14:06]} 14. Nd6 {[%clk 0:14:35]} Ra7
{[%clk 0:13:54]} 15. Bg2 {[%clk 0:14:29]} Bd7 {[%clk 0:12:50]} 16. Rd3
{[%clk 0:14:21]} f6 {[%clk 0:12:45]} 17. exf6 {[%clk 0:13:26]} Bxf6
{[%clk 0:12:46]} 18. Rhd1 {[%clk 0:13:08]} c5 {[%clk 0:12:49]} 19. Ne4
{[%clk 0:12:18]} Bb5 {[%clk 0:12:34]} 20. Nxf6+ {[%clk 0:12:09]} Rxf6
{[%clk 0:12:35]} 21. Rd8+ {[%clk 0:12:12]} Rf8 {[%clk 0:12:23]} 22. Rxf8+
{[%clk 0:12:11]} Kxf8 {[%clk 0:12:27]} 23. f4 {[%clk 0:12:10]} Ke7
{[%clk 0:12:23]} 24. c3 {[%clk 0:11:52]} a5 {[%clk 0:11:59]} 25. a3
{[%clk 0:11:50]} Bc4 {[%clk 0:11:57]} 26. Kd2 {[%clk 0:11:39]} Bb3
{[%clk 0:11:49]} 27. Re1 {[%clk 0:11:24]} Rd7+ {[%clk 0:11:52]} 28. Ke3
{[%clk 0:11:28]} Kf6 {[%clk 0:11:49]} 29. Be4 {[%clk 0:11:13]} Rd6
{[%clk 0:10:31]} 30. Kf2 {[%clk 0:10:04]} Bc4 {[%clk 0:10:21]} 31. Ke3
{[%clk 0:10:03]} e5 {[%clk 0:10:18]} 32. fxe5+ {[%clk 0:10:02]} Kxe5
{[%clk 0:10:21]} 33. Bc2 {[%clk 0:08:36]} Kf6 {[%clk 0:10:14]} 34. Be4
{[%clk 0:08:16]} Kg5 {[%clk 0:09:44]} 35. h3 {[%clk 0:07:36]} Kf6
{[%clk 0:09:31]} 36. h4 {[%clk 0:07:24]} g5 {[%clk 0:09:23]} 37. Rh1
{[%clk 0:06:37]} Re6 {[%clk 0:09:18]} 38. Kf3 {[%clk 0:05:34]} Bb5
{[%clk 0:08:54]} 39. Rh2 {[%clk 0:04:39]} Ke5 {[%clk 0:08:44]} 40. hxg5
{[%clk 0:04:13]} hxg5 {[%clk 0:08:47]} 41. Rh5 {[%clk 0:04:10]} Kf6
{[%clk 0:07:13]} 42. Rh6+ {[%clk 0:04:14]} Ke5 {[%clk 0:07:13]} 43. Rxe6+
{[%clk 0:04:18]} Kxe6 {[%clk 0:07:18]} 44. Ke3 {[%clk 0:03:42]} Ke5
{[%clk 0:07:19]} 45. Bc2 {[%clk 0:03:29]} Bc6 {[%clk 0:07:23]} 46. Bg6
{[%clk 0:03:27]} Bd7 {[%clk 0:07:20]} 47. Bc2 {[%clk 0:03:29]} Bf5
{[%clk 0:06:38]} 48. Ba4 {[%clk 0:03:21]} Be4 {[%clk 0:06:21]} 49. Bd7
{[%clk 0:03:18]} Bf5 {[%clk 0:06:09]} 50. Bc6 {[%clk 0:03:11]} Kd6
{[%clk 0:06:10]} 51. Bb5 {[%clk 0:03:10]} Kd5 {[%clk 0:06:11]} 52. Be2
{[%clk 0:03:04]} Bd7 {[%clk 0:05:56]} 53. Bh5 {[%clk 0:02:57]} Be6
{[%clk 0:05:53]} 54. Be2 {[%clk 0:02:57]} Bf7 {[%clk 0:05:44]} 55. Bd3
{[%clk 0:02:55]} Be8 {[%clk 0:05:30]} 56. Bh7 {[%clk 0:02:59]} Bf7
{[%clk 0:05:26]} 57. Bd3 {[%clk 0:03:02]} Ke5 {[%clk 0:05:18]} 58. Bc2
{[%clk 0:02:56]} Be6 {[%clk 0:05:21]} 59. Bd3 {[%clk 0:02:49]} Bf5
{[%clk 0:05:25]} 60. Bb5 {[%clk 0:02:50]} Kd5 {[%clk 0:05:24]} 61. Be8
{[%clk 0:02:50]} c4 {[%clk 0:05:03]} 62. Bf7+ {[%clk 0:02:50]} Kc5
{[%clk 0:05:08]} 63. Be8 {[%clk 0:02:49]} b5 {[%clk 0:05:09]} 64. Bf7
{[%clk 0:02:44]} b4 {[%clk 0:05:08]} 65. axb4+ {[%clk 0:02:44]} axb4
{[%clk 0:05:12]} 66. cxb4+ {[%clk 0:02:48]} Kxb4 {[%clk 0:05:16]} 67. Kd2
{[%clk 0:02:50]} Kb3 {[%clk 0:05:09]} 68. Kc1 {[%clk 0:02:51]} Bd3
{[%clk 0:04:50]} 69. Bg8 {[%clk 0:02:53]} Bf1 {[%clk 0:04:54]} 70. Be6
{[%clk 0:02:55]} Kb4 {[%clk 0:04:46]} 71. Kd2 {[%clk 0:02:58]} Kb3
{[%clk 0:04:44]} 72. Kc1 {[%clk 0:03:02]} Ka4 {[%clk 0:04:49]} 73. Bd7+
{[%clk 0:03:00]} Kb4 {[%clk 0:04:52]} 74. Kd2 {[%clk 0:03:01]} Kc5
{[%clk 0:04:35]} 75. Be6 {[%clk 0:02:59]} Kd4 {[%clk 0:04:38]} 76. Bf5
{[%clk 0:02:51]} Bg2 {[%clk 0:04:29]} 77. Be6 {[%clk 0:02:33]} Be4
{[%clk 0:04:28]} 78. Bh3 {[%clk 0:02:11]} Bd3 {[%clk 0:04:28]} 79. Bg2
{[%clk 0:02:15]} g4 {[%clk 0:02:53]} 80. Bc6 {[%clk 0:02:18]} Bf5
{[%clk 0:02:45]} 81. Bb7 {[%clk 0:02:20]} Be6 {[%clk 0:02:43]} 82. Bc6
{[%clk 0:02:19]} Bf5 {[%clk 0:02:30]} 83. Bb7 {[%clk 0:02:21]} Be4
{[%clk 0:02:31]} 84. Bc8 {[%clk 0:02:20]} Bf3 {[%clk 0:02:29]} 85. Bf5
{[%clk 0:02:23]} Ke5 {[%clk 0:02:26]} 86. Bc8 {[%clk 0:02:15]} 1/2-1/2

[Event "Portugal Open Semirrapidas"]
[Site "Lisboa POR"]
[Date "2020.02.02"]
[Round "8.23"]
[White "MONTEIRO, Paulo"]
[Black "BAYRAMOV, Zaur"]
[Result "0-1"]
[BlackElo "2146"]
[WhiteElo "1849"]
[LiveChessVersion "1.4.8"]

1. e4 {[%clk 0:15:08]} c5 {[%clk 0:15:10]} 2. Nf3 {[%clk 0:15:10]} Nc6
{[%clk 0:15:13]} 3. Bb5 {[%clk 0:15:13]} Nf6 {[%clk 0:15:14]} 4. e5
{[%clk 0:14:54]} Nd5 {[%clk 0:15:14]} 5. Nc3 {[%clk 0:14:43]} Nc7
{[%clk 0:15:03]} 6. Bxc6 {[%clk 0:14:07]} dxc6 {[%clk 0:15:06]} 7. O-O
{[%clk 0:14:10]} g6 {[%clk 0:15:09]} 8. h3 {[%clk 0:14:01]} Bg7 {[%clk 0:15:13]}
9. Ne4 {[%clk 0:13:46]} b6 {[%clk 0:15:15]} 10. d3 {[%clk 0:13:40]} O-O
{[%clk 0:15:18]} 11. Bf4 {[%clk 0:13:42]} Nd5 {[%clk 0:15:12]} 12. Bh2
{[%clk 0:13:39]} h6 {[%clk 0:15:16]} 13. a3 {[%clk 0:13:09]} Be6 {[%clk 0:15:14]}
14. Qd2 {[%clk 0:12:46]} Qd7 {[%clk 0:15:16]} 15. b4 {[%clk 0:12:35]} cxb4
{[%clk 0:15:15]} 16. axb4 {[%clk 0:12:39]} Nc7 {[%clk 0:15:06]} 17. Ra3
{[%clk 0:11:59]} Nb5 {[%clk 0:15:07]} 18. Ra4 {[%clk 0:11:56]} Nd4
{[%clk 0:15:09]} 19. Nxd4 {[%clk 0:11:38]} Qxd4 {[%clk 0:15:11]} 20. c3
{[%clk 0:11:39]} Qd5 {[%clk 0:15:04]} 21. Rfa1 {[%clk 0:11:29]} Bf5
{[%clk 0:14:53]} 22. Qe3 {[%clk 0:10:35]} Rfd8 {[%clk 0:14:12]} 23. g4
{[%clk 0:10:27]} Bxe4 {[%clk 0:14:06]} 24. dxe4 {[%clk 0:10:18]} Qc4
{[%clk 0:14:07]} 25. Rxa7 {[%clk 0:09:50]} Rxa7 {[%clk 0:14:11]} 26. Rxa7
{[%clk 0:09:54]} Rd1+ {[%clk 0:14:14]} 27. Kg2 {[%clk 0:09:55]} Qf1+
{[%clk 0:14:18]} 28. Kg3 {[%clk 0:09:37]} Rd3 {[%clk 0:14:18]} 0-1

[Event "Portugal Open Semirrapidas"]
[Site "Lisboa POR"]
[Date "2020.02.02"]
[Round "8.24"]
[White "GARCIA, Antonio"]
[Black "NOGUEIRA, Nelson"]
[Result "0-1"]
[BlackElo "2132"]
[WhiteElo "1685"]
[LiveChessVersion "1.4.8"]

1. d4 {[%clk 0:15:06]} Nf6 {[%clk 0:15:07]} 2. c4 {[%clk 0:15:04]} e6
{[%clk 0:15:11]} 3. Nf3 {[%clk 0:15:04]} Bb4+ {[%clk 0:15:08]} 4. Bd2
{[%clk 0:15:02]} a5 {[%clk 0:15:11]} 5. a3 {[%clk 0:14:19]} Bxd2+
{[%clk 0:15:12]} 6. Nbxd2 {[%clk 0:14:07]} d5 {[%clk 0:14:52]} 7. e3
{[%clk 0:14:03]} O-O {[%clk 0:14:38]} 8. Bd3 {[%clk 0:14:00]} b6 {[%clk 0:14:22]}
9. O-O {[%clk 0:13:50]} Nbd7 {[%clk 0:14:12]} 10. Rc1 {[%clk 0:13:38]} c5
{[%clk 0:12:36]} 11. Re1 {[%clk 0:11:50]} Bb7 {[%clk 0:12:30]} 12. cxd5
{[%clk 0:09:30]} exd5 {[%clk 0:11:44]} 13. Bb1 {[%clk 0:08:22]} Re8
{[%clk 0:11:31]} 14. Nf1 {[%clk 0:07:40]} Rc8 {[%clk 0:09:43]} 15. Ng3
{[%clk 0:07:38]} g6 {[%clk 0:09:36]} 16. Ba2 {[%clk 0:06:54]} c4 {[%clk 0:09:08]}
17. Nd2 {[%clk 0:05:55]} b5 {[%clk 0:08:57]} 18. Bb1 {[%clk 0:05:45]} b4
{[%clk 0:06:14]} 19. axb4 {[%clk 0:04:00]} axb4 {[%clk 0:06:18]} 20. Ne2
{[%clk 0:03:56]} Qb6 {[%clk 0:05:01]} 21. Nf3 {[%clk 0:03:50]} Qa5
{[%clk 0:03:41]} 22. Bc2 {[%clk 0:03:30]} Nb6 {[%clk 0:03:21]} 23. Ra1
{[%clk 0:03:23]} Qb5 {[%clk 0:03:19]} 24. Ba4 {[%clk 0:03:15]} Nxa4
{[%clk 0:03:21]} 25. Qxa4 {[%clk 0:03:18]} Qb6 {[%clk 0:02:56]} 26. Qa7
{[%clk 0:03:07]} Qc7 {[%clk 0:02:49]} 27. Qa5 {[%clk 0:02:47]} Qxa5
{[%clk 0:01:25]} 28. Rxa5 {[%clk 0:02:50]} Bc6 {[%clk 0:00:58]} 29. Ne5
{[%clk 0:02:48]} Ba8 {[%clk 0:00:21]} 30. Ra7 {[%clk 0:02:40]} Rf8
{[%clk 0:00:24]} 31. Rea1 {[%clk 0:02:27]} Rb8 {[%clk 0:00:08]} 32. g4
{[%clk 0:01:52]} h6 {[%clk 0:00:11]} 33. h4 {[%clk 0:01:49]} g5 {[%clk 0:00:09]}
34. hxg5 {[%clk 0:01:48]} hxg5 {[%clk 0:00:13]} 35. f4 {[%clk 0:01:30]} gxf4
{[%clk 0:00:13]} 36. exf4 {[%clk 0:01:31]} Ne4 {[%clk 0:00:16]} 37. Nd7
{[%clk 0:01:16]} Bc6 {[%clk 0:00:21]} 38. Nxb8 {[%clk 0:01:12]} Rxb8
{[%clk 0:00:25]} 39. Rc7 {[%clk 0:01:12]} Be8 {[%clk 0:00:28]} 40. Rca7
{[%clk 0:01:05]} c3 {[%clk 0:00:29]} 41. bxc3 {[%clk 0:01:02]} bxc3
{[%clk 0:00:33]} 42. Rc7 {[%clk 0:00:59]} Rb4 {[%clk 0:00:20]} 43. Nxc3
{[%clk 0:00:50]} Rxd4 {[%clk 0:00:20]} 44. Nxe4 {[%clk 0:00:45]} Rxe4
{[%clk 0:00:24]} 45. Ra8 {[%clk 0:00:48]} Kg7 {[%clk 0:00:27]} 46. Rcc8
{[%clk 0:00:44]} Bb5 {[%clk 0:00:28]} 47. Rg8+ {[%clk 0:00:41]} Kf6
{[%clk 0:00:32]} 48. Ra5 {[%clk 0:00:27]} Bc4 {[%clk 0:00:35]} 49. Ra6+
{[%clk 0:00:28]} Ke7 {[%clk 0:00:37]} 50. Ra7+ {[%clk 0:00:30]} Kf6
{[%clk 0:00:41]} 51. g5+ {[%clk 0:00:31]} Kf5 {[%clk 0:00:45]} 52. Rxf7+
{[%clk 0:00:34]} Kg4 {[%clk 0:00:49]} 53. g6 {[%clk 0:00:28]} Kg3 0-1

[Event "Portugal Open Semirrapidas"]
[Site "Lisboa POR"]
[Date "2020.02.02"]
[Round "8.25"]
[White "DUQUE, Raquel"]
[Black "SANTOS, Antonio P"]
[Result "0-1"]
[BlackElo "2116"]
[WhiteElo "1540"]
[LiveChessVersion "1.4.8"]

1. c4 {[%clk 0:15:08]} e5 {[%clk 0:14:53]} 2. Nc3 {[%clk 0:15:11]} Nf6
{[%clk 0:14:56]} 3. g3 {[%clk 0:15:15]} c6 {[%clk 0:14:56]} 4. Bg2
{[%clk 0:15:18]} d5 {[%clk 0:14:54]} 5. cxd5 {[%clk 0:15:20]} cxd5
{[%clk 0:14:57]} 6. e3 {[%clk 0:15:20]} Nc6 {[%clk 0:14:59]} 7. Nge2
{[%clk 0:15:23]} Be7 {[%clk 0:14:57]} 8. d4 {[%clk 0:15:25]} e4 {[%clk 0:15:00]}
9. O-O {[%clk 0:15:27]} O-O {[%clk 0:15:03]} 10. a3 {[%clk 0:15:30]} Bf5
{[%clk 0:14:57]} 11. b4 {[%clk 0:15:33]} a6 {[%clk 0:15:00]} 12. Qb3
{[%clk 0:15:23]} Qd7 {[%clk 0:13:59]} 13. Nf4 {[%clk 0:15:23]} Rad8
{[%clk 0:14:02]} 14. Rb1 {[%clk 0:15:03]} g5 {[%clk 0:14:00]} 15. Nfe2
{[%clk 0:15:05]} Bh3 {[%clk 0:13:50]} 16. b5 {[%clk 0:15:06]} Bxg2
{[%clk 0:08:56]} 17. Kxg2 {[%clk 0:15:01]} Na5 {[%clk 0:08:10]} 18. Qb2
{[%clk 0:12:26]} Nc4 {[%clk 0:08:11]} 19. Qb3 {[%clk 0:12:30]} Qf5
{[%clk 0:07:57]} 20. f4 {[%clk 0:10:11]} exf3+ {[%clk 0:07:35]} 21. Rxf3
{[%clk 0:10:12]} Qe6 {[%clk 0:07:35]} 22. bxa6 {[%clk 0:09:18]} bxa6
{[%clk 0:07:39]} 23. Qc2 {[%clk 0:08:25]} Bxa3 {[%clk 0:07:14]} 24. Qf5
{[%clk 0:08:24]} Qxf5 {[%clk 0:06:49]} 25. Rxf5 {[%clk 0:08:25]} Bxc1
{[%clk 0:06:50]} 26. Rxf6 {[%clk 0:08:00]} Bxe3 {[%clk 0:06:49]} 27. Rxa6
{[%clk 0:07:56]} Bd2 {[%clk 0:06:37]} 28. Rb5 {[%clk 0:07:23]} Bxc3
{[%clk 0:06:27]} 29. Nxc3 {[%clk 0:07:24]} Rfe8 {[%clk 0:06:10]} 30. Nxd5
{[%clk 0:06:34]} Rxd5 {[%clk 0:06:12]} 31. Rxd5 {[%clk 0:06:30]} Ne3+
{[%clk 0:06:15]} 32. Kf3 {[%clk 0:06:28]} Nxd5 {[%clk 0:06:18]} 33. Rd6
{[%clk 0:06:29]} Nc3 {[%clk 0:05:53]} 34. Kg4 {[%clk 0:06:27]} Ne4
{[%clk 0:05:51]} 35. Rc6 {[%clk 0:05:41]} Kg7 {[%clk 0:05:52]} 36. Kf5
{[%clk 0:05:24]} h6 {[%clk 0:05:37]} 37. d5 {[%clk 0:05:05]} Nd2 {[%clk 0:04:07]}
38. d6 {[%clk 0:03:50]} Nf1 {[%clk 0:04:10]} 39. Rc2 {[%clk 0:03:04]} Ne3# 0-1

[Event "Portugal Open Semirrapidas"]
[Site "Lisboa POR"]
[Date "2020.02.02"]
[Round "8.26"]
[White "CAMBANDO, Jose"]
[Black "BASILIO, Rodrigo"]
[Result "1-0"]
[BlackElo "1749"]
[WhiteElo "2110"]
[LiveChessVersion "1.4.8"]

1. e4 {[%clk 0:15:08]} c5 {[%clk 0:15:09]} 2. Nf3 {[%clk 0:15:12]} Nc6
{[%clk 0:15:13]} 3. d4 {[%clk 0:15:09]} cxd4 {[%clk 0:15:16]} 4. Nxd4
{[%clk 0:15:13]} g6 {[%clk 0:15:18]} 5. Nxc6 {[%clk 0:15:16]} bxc6
{[%clk 0:15:22]} 6. Bd3 {[%clk 0:15:20]} d6 {[%clk 0:15:10]} 7. O-O
{[%clk 0:15:19]} Nf6 {[%clk 0:15:13]} 8. h3 {[%clk 0:15:21]} Bg7 {[%clk 0:15:16]}
9. Qf3 {[%clk 0:15:24]} Bd7 {[%clk 0:15:05]} 10. Nc3 {[%clk 0:15:19]} O-O
{[%clk 0:15:07]} 11. Re1 {[%clk 0:15:06]} Qa5 {[%clk 0:14:52]} 12. Bd2
{[%clk 0:15:05]} Qh5 {[%clk 0:14:15]} 13. Qg3 {[%clk 0:14:57]} Rab8
{[%clk 0:13:38]} 14. e5 {[%clk 0:14:44]} Nd5 {[%clk 0:12:46]} 15. Nxd5
{[%clk 0:14:48]} cxd5 {[%clk 0:12:49]} 16. exd6 {[%clk 0:14:51]} exd6
{[%clk 0:12:39]} 17. Qxd6 {[%clk 0:14:52]} Be6 {[%clk 0:12:43]} 18. Bc3
{[%clk 0:12:50]} Bxc3 {[%clk 0:12:18]} 19. bxc3 {[%clk 0:12:52]} Rfc8
{[%clk 0:12:11]} 20. Rab1 {[%clk 0:12:38]} Rxb1 {[%clk 0:12:00]} 21. Rxb1
{[%clk 0:12:42]} Qh6 {[%clk 0:11:17]} 22. Rb8 {[%clk 0:12:28]} Qf8
{[%clk 0:11:12]} 23. Qxf8+ {[%clk 0:12:29]} Rxf8 {[%clk 0:10:13]} 24. Rb7
{[%clk 0:12:25]} Rc8 {[%clk 0:08:50]} 25. Rxa7 {[%clk 0:12:23]} Rxc3
{[%clk 0:08:54]} 26. g4 {[%clk 0:12:05]} Kg7 {[%clk 0:07:39]} 27. f4
{[%clk 0:11:47]} h5 {[%clk 0:07:32]} 28. f5 {[%clk 0:11:49]} gxf5
{[%clk 0:07:28]} 29. gxf5 {[%clk 0:11:45]} Bc8 30. Ra5 {[%clk 0:11:13]} d4
{[%clk 0:05:59]} 31. Kf2 {[%clk 0:11:02]} Kf6 {[%clk 0:06:00]} 32. h4
{[%clk 0:10:57]} Rc7 {[%clk 0:05:35]} 33. Kg3 {[%clk 0:10:56]} Re7
{[%clk 0:04:58]} 34. Rc5 {[%clk 0:10:33]} Bb7 {[%clk 0:04:57]} 35. Rb5
{[%clk 0:10:23]} Re3+ {[%clk 0:05:00]} 36. Kf2 {[%clk 0:07:27]} Be4
{[%clk 0:04:47]} 37. Bxe4 {[%clk 0:04:49]} Rxe4 {[%clk 0:04:51]} 38. Kg3
{[%clk 0:04:54]} Re2 {[%clk 0:04:46]} 39. Rc5 {[%clk 0:04:51]} d3
{[%clk 0:03:36]} 40. cxd3 {[%clk 0:04:54]} Rxa2 {[%clk 0:03:39]} 41. Kf4
{[%clk 0:04:57]} Ra4+ {[%clk 0:03:34]} 42. Rc4 {[%clk 0:05:02]} Ra6
{[%clk 0:03:34]} 43. d4 {[%clk 0:05:06]} Rd6 {[%clk 0:03:30]} 44. Ke4
{[%clk 0:05:08]} Ra6 {[%clk 0:03:24]} 45. d5 {[%clk 0:05:12]} Ra1
{[%clk 0:01:26]} 46. Rc6+ {[%clk 0:05:09]} Ke7 {[%clk 0:01:30]} 47. Rh6
{[%clk 0:03:43]} Re1+ {[%clk 0:00:33]} 48. Kf4 {[%clk 0:03:36]} Rd1
{[%clk 0:00:28]} 49. Rxh5 {[%clk 0:03:27]} Rxd5 {[%clk 0:00:31]} 50. f6+
{[%clk 0:03:31]} 1-0

[Event "Portugal Open Semirrapidas"]
[Site "Lisboa POR"]
[Date "2020.02.02"]
[Round "8.27"]
[White "FERNANDES, Alvaro"]
[Black "GUERRA, Vitor"]
[Result "0-1"]
[BlackElo "2164"]
[WhiteElo "1881"]
[LiveChessVersion "1.4.8"]

1. d4 {[%clk 0:15:08]} d5 {[%clk 0:15:06]} 2. Nf3 {[%clk 0:15:11]} e6
{[%clk 0:15:06]} 3. Bf4 {[%clk 0:15:07]} Nf6 {[%clk 0:15:05]} 4. e3
{[%clk 0:15:08]} a6 {[%clk 0:15:01]} 5. Bd3 {[%clk 0:14:47]} Be7 {[%clk 0:15:04]}
6. O-O {[%clk 0:14:48]} O-O {[%clk 0:15:06]} 7. c4 {[%clk 0:14:44]} dxc4
{[%clk 0:15:08]} 8. Bxc4 {[%clk 0:14:48]} b5 {[%clk 0:15:11]} 9. Be2
{[%clk 0:14:50]} Bb7 {[%clk 0:15:15]} 10. Nbd2 {[%clk 0:14:33]} Nbd7
{[%clk 0:15:14]} 11. Nb3 {[%clk 0:13:49]} c5 {[%clk 0:14:48]} 12. dxc5
{[%clk 0:13:34]} Nxc5 {[%clk 0:14:50]} 13. Nxc5 {[%clk 0:13:33]} Bxc5
{[%clk 0:14:53]} 14. Rc1 {[%clk 0:13:20]} Qb6 {[%clk 0:14:39]} 15. Rxc5
{[%clk 0:13:00]} Qxc5 {[%clk 0:14:41]} 16. Bd6 {[%clk 0:13:03]} Qb6
{[%clk 0:14:29]} 17. Bxf8 {[%clk 0:13:04]} Rxf8 {[%clk 0:14:31]} 18. Qd4
{[%clk 0:12:50]} Qc7 {[%clk 0:14:20]} 19. Rd1 {[%clk 0:12:35]} Bd5
{[%clk 0:13:52]} 20. a3 {[%clk 0:12:14]} Rc8 {[%clk 0:13:21]} 21. h3
{[%clk 0:12:01]} h6 {[%clk 0:12:48]} 22. Ne1 {[%clk 0:04:51]} Bb3
{[%clk 0:11:42]} 23. Ra1 {[%clk 0:04:16]} Rd8 {[%clk 0:11:20]} 24. Qb4
{[%clk 0:03:56]} Ba4 {[%clk 0:10:24]} 25. Nd3 {[%clk 0:03:26]} Qc2
{[%clk 0:09:18]} 26. Bf1 {[%clk 0:03:04]} Rxd3 {[%clk 0:04:56]} 27. Bxd3
{[%clk 0:03:08]} Qxd3 {[%clk 0:04:59]} 28. Rc1 {[%clk 0:03:12]} Bc2
{[%clk 0:04:07]} 29. Qc5 {[%clk 0:02:48]} Bb3 {[%clk 0:04:02]} 30. Qc7
{[%clk 0:01:46]} Kh7 {[%clk 0:04:05]} 31. Qc8 {[%clk 0:01:42]} Bc4
{[%clk 0:03:46]} 32. Qxa6 {[%clk 0:00:27]} Ne4 {[%clk 0:03:25]} 33. a4
{[%clk 0:00:09]} bxa4 {[%clk 0:03:25]} 34. Qa5 {[%clk 0:00:00]} Nxf2 0-1

[Event "Portugal Open Semirrapidas"]
[Site "Lisboa POR"]
[Date "2020.02.02"]
[Round "8.28"]
[White "CARNEIRO, Carlos"]
[Black "PRATA, Jose"]
[Result "1-0"]
[BlackElo "1912"]
[WhiteElo "2106"]
[LiveChessVersion "1.4.8"]

1. d4 {[%clk 0:15:08]} d5 {[%clk 0:15:09]} 2. Nf3 {[%clk 0:15:11]} Nf6 3. c4
{[%clk 0:15:12]} c6 {[%clk 0:15:16]} 4. Nc3 {[%clk 0:15:14]} a6 {[%clk 0:15:19]}
5. c5 {[%clk 0:14:17]} Nbd7 {[%clk 0:15:09]} 6. Bf4 {[%clk 0:14:19]} Nh5
{[%clk 0:15:04]} 7. Bg5 {[%clk 0:13:52]} Qa5 {[%clk 0:14:30]} 8. a3
{[%clk 0:13:30]} h6 {[%clk 0:14:17]} 9. Bh4 {[%clk 0:13:26]} Nhf6
{[%clk 0:13:57]} 10. b4 {[%clk 0:13:21]} Qd8 {[%clk 0:13:52]} 11. e3
{[%clk 0:13:19]} g6 {[%clk 0:12:57]} 12. Be2 {[%clk 0:12:51]} Bg7
{[%clk 0:12:58]} 13. O-O {[%clk 0:12:51]} O-O {[%clk 0:12:58]} 14. a4
{[%clk 0:11:30]} b6 {[%clk 0:12:25]} 15. Bg3 {[%clk 0:10:40]} bxc5
{[%clk 0:12:15]} 16. bxc5 {[%clk 0:10:43]} a5 {[%clk 0:11:05]} 17. Rb1
{[%clk 0:09:44]} Ne4 {[%clk 0:09:59]} 18. Nxe4 {[%clk 0:09:39]} dxe4
{[%clk 0:10:02]} 19. Nd2 {[%clk 0:09:43]} Nf6 {[%clk 0:09:26]} 20. Rb6
{[%clk 0:09:00]} Qe8 {[%clk 0:09:07]} 21. Bc4 {[%clk 0:08:44]} Bf5
{[%clk 0:08:37]} 22. Qb3 {[%clk 0:08:26]} e6 {[%clk 0:07:55]} 23. Bd6
{[%clk 0:08:24]} Nd5 {[%clk 0:07:50]} 24. Bxd5 {[%clk 0:08:14]} exd5
{[%clk 0:07:39]} 25. Bxf8 {[%clk 0:08:02]} Bxf8 {[%clk 0:07:32]} 26. Rb1
{[%clk 0:07:59]} h5 {[%clk 0:05:39]} 27. Rb8 {[%clk 0:07:59]} Rxb8
{[%clk 0:05:43]} 28. Qxb8 {[%clk 0:08:03]} Qe7 {[%clk 0:05:34]} 29. Rb7
{[%clk 0:07:45]} Qg5 {[%clk 0:05:04]} 30. Qg3 {[%clk 0:07:46]} Qf6
{[%clk 0:04:51]} 31. Nb3 {[%clk 0:06:59]} h4 {[%clk 0:04:46]} 32. Qe5
{[%clk 0:07:02]} Qg5 {[%clk 0:04:25]} 33. Qf4 {[%clk 0:06:30]} Qh5
{[%clk 0:04:18]} 34. f3 {[%clk 0:06:28]} Bh6 {[%clk 0:03:50]} 35. Qb8+
{[%clk 0:06:24]} Bf8 {[%clk 0:02:29]} 36. Qe8 {[%clk 0:06:08]} exf3
{[%clk 0:02:07]} 37. Qxf7+ {[%clk 0:06:08]} 1-0